| 000 | 00379nam a2200157Ia 4500 | ||
|---|---|---|---|
| 008 | 210210b1969 xxu||||| |||| 00| 0 eng d | ||
| 020 | _a340 05908 7 | ||
| 082 | _a652.3 PITT | ||
| 100 | _aPITMAN. | ||
| 245 | _aTeach yourself typewriting. | ||
| 260 |
_aLondon. _bE L B S, _c1969 |
||
| 300 | _aviii,226 | ||
| 650 | _aTypewriting | ||
| 690 | _aTypewriting | ||
| 906 | _a029194 | ||
| 999 |
_c80415 _d80415 |
||